[Event "Aktobe Dvorkovich op-A"]
[Site "Aktobe"]
[Date "2025.06.26"]
[Round "5"]
[White "Cheparinov, Ivan"]
[Black "Ansat, Aldiyar"]
[Result "1-0"]
[WhiteElo "2641"]
[BlackElo "2489"]
[PlyCount "87"]
[EventDate "2025.06.22"]
[EventType "swiss"]
[EventRounds "9"]
[EventCountry "KAZ"]
[SourceTitle "CB27_2025"]
[SourceDate "2025.07.02"]
[SourceVersion "1"]
[SourceVersionDate "2025.07.02"]
[SourceQuality "1"]

1. d4 Nf6 2. c4 g6 3. Nc3 d5 4. cxd5 Nxd5 5. e4 Nxc3 6. bxc3 Bg7 7. Bc4 c5 8. Ne2 Nc6 9. Be3 cxd4 10. cxd4 Qa5+ 11. Bd2 Qd8 12. Bc3 Bg4 13. f3 Bd7 14. Qd2 Rc8 15. Rb1 Qc7 16. 0-0 0-0 17. Rfc1 Rfd8 18. h4 e5 19. d5 Nd4 20. Ba5 b6 21. Nxd4 exd4 22. Ba6 Qe5 23. Bxc8 Bxc8 24. Qg5 Qe8 25. Bb4 Ba6 26. Rc7 Rd7 27. Rxd7 Qxd7 28. Rc1 d3 29. Bc3 Bxc3 30. Rxc3 Qd6 31. h5 Qb4 32. h6 Qd4+ 33. Kh1 f6 34. Qd2 Bc4 35. Rc1 Kf7 36. Qf4 Qe5 37. Qxe5 fxe5 38. Kg1 d2 39. Rd1 Bxa2 40. Rxd2 Bc4 41. d6 Ke8 42. d7+ Kd8 43. Rd6 b5 44. Ra6 1-0

[Event "WchT Blitz Final"]
[Site "London"]
[Date "2025.06.15"]
[Round "3.2"]
[White "Ansat, Aldiyar"]
[Black "Vokhidov, Shamsiddin"]
[Result "1/2-1/2"]
[WhiteElo "2489"]
[BlackElo "2644"]
[PlyCount "113"]
[EventDate "2025.06.15"]
[EventType "team-k.o. (blitz)"]
[EventRounds "4"]
[EventCountry "ENG"]
[SourceTitle "CB25_2025"]
[SourceDate "2025.06.18"]
[SourceVersion "1"]
[SourceVersionDate "2025.06.18"]
[SourceQuality "1"]
[WhiteTeam "KazChess"]
[BlackTeam "Uzbekistan"]
[WhiteTeamCountry "KAZ"]
[BlackTeamCountry "UZB"]

1. e4 e5 2. Nf3 Nc6 3. Bb5 a6 4. Ba4 Nf6 5. 0-0 Nxe4 6. d4 b5 7. Bb3 d5 8. dxe5 Be6 9. c3 Be7 10. Nbd2 Nc5 11. Bc2 d4 12. cxd4 Nxd4 13. Nxd4 Qxd4 14. Nf3 Qxd1 15. Rxd1 0-0 16. Ng5 g6 17. Nxe6 Nxe6 18. Be3 Rad8 19. a4 Bg5 20. Bxg5 Nxg5 21. Kf1 Ne6 22. Rac1 c5 23. axb5 axb5 24. Be4 c4 25. Ke2 Nc5 26. Ke3 Na4 27. Rxd8 Rxd8 28. Rb1 b4 29. Bc6 Nc5 30. Bb5 Rd3+ 31. Ke2 Rd4 32. f3 c3 33. bxc3 bxc3 34. Rc1 Rd2+ 35. Ke3 Rxg2 36. Rxc3 Ne6 37. h4 Rh2 38. Rc4 Kg7 39. Bd7 Nf8 40. Bc8 h5 41. Rc7 Kg8 42. Rc4 Rb2 43. f4 Rb3+ 44. Ke4 Rb1 45. f5 Re1+ 46. Kd5 gxf5 47. Bxf5 Kg7 48. Rc3 Ng6 49. Bxg6 Kxg6 50. Rg3+ Kh7 51. Rf3 Kg7 52. Rf5 Kg6 53. Rg5+ Kh6 54. Rf5 Kg6 55. Rf6+ Kg7 56. Rf5 Kg6 57. Rf6+ 1/2-1/2

[Event "WchT Blitz Final"]
[Site "London"]
[Date "2025.06.15"]
[Round "3.1"]
[White "Vokhidov, Shamsiddin"]
[Black "Ansat, Aldiyar"]
[Result "1-0"]
[WhiteElo "2644"]
[BlackElo "2489"]
[PlyCount "118"]
[EventDate "2025.06.15"]
[EventType "team-k.o. (blitz)"]
[EventRounds "4"]
[EventCountry "ENG"]
[SourceTitle "CB25_2025"]
[SourceDate "2025.06.18"]
[SourceVersion "1"]
[SourceVersionDate "2025.06.18"]
[SourceQuality "1"]
[WhiteTeam "Uzbekistan"]
[BlackTeam "KazChess"]
[WhiteTeamCountry "UZB"]
[BlackTeamCountry "KAZ"]

1. e4 c5 2. Nf3 Nc6 3. d4 cxd4 4. Nxd4 Nf6 5. Nc3 e5 6. Ndb5 d6 7. Bg5 a6 8. Na3 b5 9. Bxf6 gxf6 10. Nd5 Bg7 11. c3 f5 12. g3 fxe4 13. Bg2 Be6 14. Bxe4 Rc8 15. Nc2 0-0 16. 0-0 f5 17. Bg2 Ne7 18. Ncb4 a5 19. Nxe7+ Qxe7 20. Nd5 Qf7 21. Qd2 Kh8 22. a4 Rc5 23. Rfd1 bxa4 24. Nb6 d5 25. Bxd5 Bxd5 26. Nxd5 Rd8 27. c4 Rxc4 28. Qxa5 Qf8 29. Ne3 Rxd1+ 30. Rxd1 Rc8 31. Qxa4 f4 32. Nd5 Rb8 33. Qc2 Qf7 34. b4 h6 35. Qe4 Rf8 36. Rd2 Qb7 37. Rb2 Rd8 38. Rd2 Ra8 39. Kg2 Rf8 40. f3 Qb8 41. Ne7 Rf7 42. Nc6 Qc7 43. Rd8+ Rf8 44. Rxf8+ Bxf8 45. Nxe5 fxg3 46. hxg3 Bxb4 47. Ng6+ Kg7 48. Nf4 Qd6 49. Nh5+ Kf8 50. Qf5+ Ke7 51. Nf4 Bd2 52. Ng6+ Kd8 53. Ne5 Kc7 54. Nc4 Qd4 55. Ne5 Bg5 56. f4 Qd5+ 57. Kh2 Be7 58. Qc2+ Kd8 59. Qe2 Qe6 1-0

[Event "WchT Blitz Pool D"]
[Site "London"]
[Date "2025.06.14"]
[Round "11.4"]
[White "Ansat, Aldiyar"]
[Black "Mendonca, Leon Luke"]
[Result "0-1"]
[WhiteElo "2489"]
[BlackElo "2603"]
[PlyCount "88"]
[EventDate "2025.06.14"]
[EventType "team-tourn"]
[EventRounds "13"]
[EventCountry "ENG"]
[SourceTitle "CB25_2025"]
[SourceDate "2025.06.18"]
[SourceVersion "1"]
[SourceVersionDate "2025.06.18"]
[SourceQuality "1"]
[WhiteTeam "KazChess"]
[BlackTeam "Team MGD1"]
[WhiteTeamCountry "KAZ"]
[BlackTeamCountry "IND"]

1. e4 c6 2. d4 d5 3. Nc3 dxe4 4. Nxe4 Bf5 5. Qf3 Bxe4 6. Qxe4 Nf6 7. Qd3 e6 8. Nf3 Nbd7 9. Bd2 Be7 10. 0-0-0 a5 11. Kb1 a4 12. a3 0-0 13. h3 b5 14. Ne5 Qc7 15. Nxd7 Qxd7 16. Be2 Rfd8 17. Bf3 Rac8 18. Ba5 Re8 19. Rhe1 Rb8 20. c3 Nd5 21. Bb4 Bxb4 22. axb4 Red8 23. h4 Qe7 24. h5 h6 25. Re5 Qf6 26. Bxd5 Rxd5 27. Rxd5 cxd5 28. f3 Qf4 29. g4 Kf8 30. Ka2 Ke7 31. Re1 Kd7 32. Rf1 Kc6 33. Ka3 Kb6 34. Qh7 Qd2 35. f4 Rc8 36. Rb1 Qxf4 37. Qxg7 Qe4 38. Rc1 Qe3 39. Rc2 Qd3 40. Rc1 Qd2 41. Rb1 Qc2 42. Ka2 Qb3+ 43. Ka1 a3 44. Qh7 Ra8 0-1

[Event "WchT Blitz Pool D"]
[Site "London"]
[Date "2025.06.14"]
[Round "9.4"]
[White "Ansat, Aldiyar"]
[Black "Nilsson, Oliver"]
[Result "1-0"]
[WhiteElo "2489"]
[BlackElo "2129"]
[PlyCount "55"]
[EventDate "2025.06.14"]
[EventType "team-tourn"]
[EventRounds "13"]
[EventCountry "ENG"]
[SourceTitle "CB25_2025"]
[SourceDate "2025.06.18"]
[SourceVersion "1"]
[SourceVersionDate "2025.06.18"]
[SourceQuality "1"]
[WhiteTeam "KazChess"]
[BlackTeam "Uppsala SSS"]
[WhiteTeamCountry "KAZ"]
[BlackTeamCountry "SWE"]

1. e4 c5 2. Nf3 d6 3. d4 cxd4 4. Nxd4 Nf6 5. Bd3 Nc6 6. Be3 e5 7. Nxc6 bxc6 8. 0-0 Be6 9. c4 Be7 10. Nc3 0-0 11. Rc1 Kh8 12. Qe2 Ng4 13. Bd2 Rb8 14. b3 Bg5 15. h3 Nh6 16. Bxg5 Qxg5 17. Qe3 Qe7 18. f4 exf4 19. Qxf4 f5 20. Rce1 fxe4 21. Qxe4 Rxf1+ 22. Rxf1 g6 23. Re1 Re8 24. Qxc6 Qf7 25. Qxd6 Bf5 26. Rxe8+ Qxe8 27. Qd4+ Kg8 28. Nd5 1-0

[Event "KAZ-ch"]
[Site "Astana"]
[Date "2025.05.30"]
[Round "11"]
[White "Ansat, Aldiyar"]
[Black "Abdilkhair, Abilmansur"]
[Result "1/2-1/2"]
[WhiteElo "2489"]
[BlackElo "2401"]
[PlyCount "141"]
[EventDate "2025.05.21"]
[EventType "tourn"]
[EventRounds "13"]
[EventCountry "KAZ"]
[EventCategory "7"]
[SourceTitle "CB24_2025"]
[SourceDate "2025.06.11"]
[SourceVersion "1"]
[SourceVersionDate "2025.06.11"]
[SourceQuality "1"]

1. e4 c5 2. Nf3 e6 3. d4 cxd4 4. Nxd4 a6 5. Nc3 Nc6 6. Be3 Nf6 7. a3 b5 8. Nxc6 dxc6 9. Qxd8+ Kxd8 10. e5 Nd5 11. Bg5+ Ke8 12. Ne4 Bb7 13. f3 c5 14. c4 bxc4 15. Bxc4 h6 16. Bd2 Nb6 17. Bd3 Rd8 18. Bc2 Bc6 19. Ba5 Rb8 20. Kf2 c4 21. Rab1 Nd5 22. Rhc1 f5 23. exf6 gxf6 24. b3 c3 25. b4 f5 26. Nc5 Kf7 27. Bb3 Bg7 28. Rd1 Be5 29. Rbc1 Rb5 30. Bc4 Rxa5 31. bxa5 Rb8 32. Rc2 Rb2 33. Rxb2 cxb2 34. Nd3 Bd4+ 35. Ke1 Ne3 36. Nxb2 Bxb2 37. Rd6 Nxc4 38. Rxc6 Nxa5 39. Rxa6 Bxa3 40. Ke2 Bb4 41. Kd3 Kf6 42. g4 fxg4 43. fxg4 Nb7 44. Rb6 Nc5+ 45. Kc4 Ba3 46. h4 Nd7 47. Rb3 Bc1 48. Rf3+ Ke7 49. Kd4 Nf6 50. Rg3 Bf4 51. Rg2 e5+ 52. Kd3 Ke6 53. g5 hxg5 54. hxg5 Nh5 55. Ke4 Ng3+ 56. Kf3 Nf5 57. Rg4 Bd2 58. Rg1 Nh4+ 59. Ke4 Nf5 60. Kf3 Be3 61. Rg4 Bc5 62. Ra4 Nd6 63. Kg4 e4 64. Kf4 e3 65. Ra2 Nf5 66. g6 Bd6+ 67. Ke4 Bc5 68. Ra6+ Bd6 69. g7 Nxg7 70. Rxd6+ Kxd6 71. Kxe3 1/2-1/2

[Event "KAZ-ch"]
[Site "Astana"]
[Date "2025.05.27"]
[Round "8"]
[White "Ansat, Aldiyar"]
[Black "Akhmedinov, Satbek"]
[Result "1/2-1/2"]
[WhiteElo "2489"]
[BlackElo "2392"]
[PlyCount "94"]
[EventDate "2025.05.21"]
[EventType "tourn"]
[EventRounds "13"]
[EventCountry "KAZ"]
[EventCategory "7"]
[SourceTitle "CB24_2025"]
[SourceDate "2025.06.11"]
[SourceVersion "1"]
[SourceVersionDate "2025.06.11"]
[SourceQuality "1"]

1. e4 c5 2. Nf3 Nc6 3. Nc3 g6 4. d4 cxd4 5. Nxd4 Bg7 6. Be3 Nf6 7. Nxc6 bxc6 8. e5 Ng8 9. Bd4 Qa5 10. f4 Rb8 11. Qd2 Rxb2 12. Ne4 Qxd2+ 13. Kxd2 Rb4 14. c4 f5 15. Kc3 Rb8 16. Ng5 d6 17. c5 dxe5 18. Bxe5 Bxe5+ 19. fxe5 h6 20. Nf3 e6 21. Bc4 Ne7 22. Nd4 Kf7 23. Rab1 Bd7 24. Rhd1 f4 25. Rb3 Rxb3+ 26. axb3 g5 27. Ra1 Ra8 28. Kd3 a5 29. Ra4 Ng6 30. Ke4 Ne7 31. b4 Nd5 32. Rxa5 Nc3+ 33. Kf3 Rb8 34. Ra7 Ke8 35. Bxe6 Bxe6 36. Nxe6 Rxb4 37. Ng7+ Kf8 38. Nf5 h5 39. h3 Rb1 40. g4 fxg3 41. Nxg3 Re1 42. Ra6 Rxe5 43. Rxc6 h4 44. Nh5 Nd5 45. Nf6 Nxf6 46. Rxf6+ Ke7 47. Rc6 Kd7 1/2-1/2

[Event "KAZ-ch"]
[Site "Astana"]
[Date "2025.05.27"]
[Round "9"]
[White "Igambergenov, Alibek"]
[Black "Ansat, Aldiyar"]
[Result "0-1"]
[WhiteElo "2315"]
[BlackElo "2489"]
[PlyCount "84"]
[EventDate "2025.05.21"]
[EventType "tourn"]
[EventRounds "13"]
[EventCountry "KAZ"]
[EventCategory "7"]
[SourceTitle "CB24_2025"]
[SourceDate "2025.06.11"]
[SourceVersion "1"]
[SourceVersionDate "2025.06.11"]
[SourceQuality "1"]

1. d4 Nf6 2. Bf4 d5 3. e3 c5 4. Nf3 Nc6 5. Nbd2 Nh5 6. Be5 e6 7. c3 f6 8. Bg3 g6 9. a3 cxd4 10. cxd4 Nxg3 11. hxg3 Bg7 12. Rc1 0-0 13. Bd3 a5 14. 0-0 g5 15. Bb1 f5 16. g4 fxg4 17. Nh2 e5 18. Nxg4 exd4 19. exd4 Nxd4 20. Ne3 Ra6 21. Nb3 Nxb3 22. Qxb3 Kh8 23. Qxd5 Qxd5 24. Nxd5 Bxb2 25. Rc7 Rh6 26. Ne7 Be6 27. a4 Be5 28. Rxb7 Bh2+ 29. Kh1 Bc4 30. Nf5 Rxf5 31. Bxf5 Bxf1 32. Rd7 Bc4 33. Rd8+ Kg7 34. Rd7+ Bf7 35. Bh3 Bd6 36. Kg1 Rf6 37. f3 h5 38. Rb7 Bb4 39. Bd7 Kh6 40. Bb5 g4 41. fxg4 hxg4 42. Be2 g3 0-1

[Event "KAZ-ch"]
[Site "Astana"]
[Date "2025.05.23"]
[Round "4"]
[White "Ansat, Aldiyar"]
[Black "Nogerbek, Kazybek"]
[Result "1/2-1/2"]
[WhiteElo "2489"]
[BlackElo "2538"]
[PlyCount "90"]
[EventDate "2025.05.21"]
[EventType "tourn"]
[EventRounds "13"]
[EventCountry "KAZ"]
[EventCategory "7"]
[SourceTitle "CB24_2025"]
[SourceDate "2025.06.11"]
[SourceVersion "1"]
[SourceVersionDate "2025.06.11"]
[SourceQuality "1"]

1. e4 e6 2. d4 d5 3. Nc3 Nf6 4. Bg5 dxe4 5. Nxe4 Nbd7 6. Nf3 h6 7. Bxf6 Nxf6 8. Bd3 Nxe4 9. Bxe4 c5 10. Qe2 Qa5+ 11. c3 cxd4 12. Nxd4 Qb6 13. Qb5+ Qxb5 14. Nxb5 Rb8 15. Nxa7 Bd7 16. c4 Bb4+ 17. Ke2 f5 18. Bf3 g5 19. g3 Ke7 20. Rhd1 g4 21. Bg2 Ba4 22. b3 Ra8 23. Nb5 Bxb5 24. cxb5 Rhc8 25. Bxb7 Rc2+ 26. Kf1 Raxa2 27. Rxa2 Rxa2 28. Rc1 Rb2 29. Rc7+ Kf6 30. Rc6 Rd2 31. Bc8 Rd6 32. Kg2 Rxc6 33. bxc6 Ba5 34. f3 gxf3+ 35. Kxf3 Ke5 36. Ke2 Kd6 37. Bd7 Bb4 38. Kf3 Bc5 39. Kg2 Bb6 40. Kh3 Bd8 41. b4 Ke5 42. Kg2 Kd6 43. Kf3 Bb6 44. Bc8 Kxc6 45. Bxe6 Kb5 1/2-1/2

[Event "Asia-ch Blitz"]
[Site "Al Ain"]
[Date "2025.05.10"]
[Round "6"]
[White "Ansat, Aldiyar"]
[Black "Xie, Felix"]
[Result "1-0"]
[WhiteElo "2489"]
[BlackElo "2345"]
[PlyCount "65"]
[EventDate "2025.05.10"]
[EventType "swiss (blitz)"]
[EventRounds "9"]
[EventCountry "UAE"]
[SourceTitle "CB20_2025"]
[SourceDate "2025.05.14"]
[SourceVersion "1"]
[SourceVersionDate "2025.05.14"]
[SourceQuality "1"]

1. e4 c5 2. Nf3 e6 3. d4 cxd4 4. Nxd4 Nf6 5. Nc3 Nc6 6. Ndb5 Bc5 7. Bf4 0-0 8. Bc7 Qe7 9. Bd6 Bxd6 10. Qxd6 Qd8 11. 0-0-0 a6 12. Nd4 Ne7 13. h4 b5 14. Nb3 Ne8 15. Qd2 Qc7 16. h5 h6 17. g4 b4 18. Na4 Qc6 19. Qxb4 d6 20. Nc3 Qc7 21. Qa5 Qc6 22. Kb1 Bb7 23. g5 e5 24. gxh6 gxh6 25. Rg1+ Kh8 26. Bd3 Nf6 27. f4 Qd7 28. Na4 Qh3 29. fxe5 dxe5 30. Qxe5 Qe6 31. Qf4 Nxh5 32. Qh4 Ng7 33. Nac5 1-0

[Event "Asia-ch"]
[Site "Al Ain"]
[Date "2025.05.09"]
[Round "3"]
[White "Ansat, Aldiyar"]
[Black "Yang, Zilong"]
[Result "0-1"]
[WhiteElo "2489"]
[BlackElo "2326"]
[PlyCount "134"]
[EventDate "2025.05.07"]
[EventType "swiss"]
[EventRounds "9"]
[EventCountry "UAE"]
[SourceTitle "CB21_2025"]
[SourceDate "2025.05.21"]
[SourceVersion "1"]
[SourceVersionDate "2025.05.21"]
[SourceQuality "1"]

1. e4 c5 2. Nf3 e6 3. d4 cxd4 4. Nxd4 Nc6 5. Bf4 d6 6. Nxc6 bxc6 7. Bd3 Rb8 8. Nd2 Nf6 9. e5 dxe5 10. Bxe5 Bd6 11. Qe2 0-0 12. 0-0 Bxe5 13. Qxe5 Ba6 14. Bxa6 Qxd2 15. Bd3 Qb4 16. b3 Rfd8 17. Rad1 Rd5 18. Qe3 Qb6 19. Qxb6 axb6 20. a4 Rbd8 21. f3 Kf8 22. Ra1 Ra8 23. Kf2 Ke7 24. Ke3 Rh5 25. Rh1 Nd5+ 26. Kd2 Nf4 27. Bf1 Rd8+ 28. Kc1 Re5 29. Kb2 Rd2 30. b4 Rd4 31. c3 Rd2+ 32. Kb3 Re3 33. a5 Nd5 34. Rc1 b5 35. h4 h5 36. a6 Nb6 37. a7 Rd7 38. g4 Rxa7 39. gxh5 Rxf3 40. Rh2 Nd5 41. Be2 Rg3 42. Rf2 f5 43. Kb2 Kf6 44. Bf3 e5 45. Be4 Nf4 46. Rxf4 exf4 47. Bxc6 Rh3 48. Bxb5 Rxh4 49. Bc6 Rxh5 50. b5 Rh2+ 51. Kb3 g5 52. c4 Rc7 53. Kb4 g4 54. Kc5 f3 55. b6 Rxc6+ 56. Kxc6 g3 57. c5 Rb2 58. Kb7 f2 59. c6 Rxb6+ 60. Kxb6 g2 61. c7 g1Q 62. Rc6+ Ke7 63. c8Q f1Q+ 64. Rc5 Qb1+ 65. Ka6 Qd3+ 66. Rc4 Qa1+ 67. Kb6 Qb2+ 0-1

[Event "Menorca op-A 4th"]
[Site "Ciutadella"]
[Date "2025.04.24"]
[Round "4"]
[White "Ansat, Aldiyar"]
[Black "Shankland, Samuel L"]
[Result "1/2-1/2"]
[WhiteElo "2469"]
[BlackElo "2670"]
[PlyCount "76"]
[EventDate "2025.04.22"]
[EventType "swiss"]
[EventRounds "9"]
[EventCountry "ESP"]
[SourceTitle "CB18_2025"]
[SourceDate "2025.04.30"]
[SourceVersion "1"]
[SourceVersionDate "2025.04.30"]
[SourceQuality "1"]

1. e4 c5 2. Nf3 Nc6 3. d4 cxd4 4. Nxd4 Nf6 5. Nc3 d6 6. Bg5 e6 7. Qd2 Be7 8. 0-0-0 a6 9. f4 Bd7 10. Kb1 b5 11. Bxf6 Bxf6 12. Nxc6 Bxc6 13. Qxd6 Qxd6 14. Rxd6 Rc8 15. e5 Be7 16. Rd2 g5 17. Bd3 gxf4 18. Be4 Bb4 19. Rd3 Rg8 20. Bxc6+ Rxc6 21. Ne4 Be7 22. Rd2 Rg6 23. Rf1 Rh6 24. Rxf4 Rxh2 25. c3 Rh5 26. Rg4 Kf8 27. Nf6 Bxf6 28. exf6 Rd5 29. Rxd5 exd5 30. Rf4 Ke8 31. Rf5 Rd6 32. Kc2 Kd7 33. Kd3 Kc6 34. g4 h6 35. Kd4 Re6 36. Rxd5 Rxf6 37. Rh5 Rg6 38. Ke3 Rxg4 1/2-1/2

[Event "Almaty zt 3.4"]
[Site "Almaty"]
[Date "2025.04.07"]
[Round "7"]
[White "Ansat, Aldiyar"]
[Black "Madaminov, Mukhiddin"]
[Result "1-0"]
[WhiteElo "2469"]
[BlackElo "2536"]
[PlyCount "96"]
[EventDate "2025.04.02"]
[EventType "swiss"]
[EventRounds "9"]
[EventCountry "KAZ"]
[SourceTitle "CB15_2025"]
[SourceDate "2025.04.09"]
[SourceVersion "1"]
[SourceVersionDate "2025.04.09"]
[SourceQuality "1"]

1. e4 c5 2. Nf3 d6 3. d4 cxd4 4. Nxd4 Nf6 5. Nc3 a6 6. Bc4 e6 7. Be3 Be7 8. Bb3 Nbd7 9. Bxe6 fxe6 10. Nxe6 Qa5 11. Nxg7+ Kf7 12. Nf5 Ne5 13. Nxe7 Kxe7 14. Bd4 Be6 15. f4 Rad8 16. Qd2 Nc4 17. Bxf6+ Kxf6 18. Qd4+ Ke7 19. Qg7+ Bf7 20. b4 Qxb4 21. Rb1 Rhg8 22. Qxf7+ Kxf7 23. Rxb4 b5 24. Kf2 Na3 25. Rc1 Rc8 26. Rb3 Nc4 27. Nb1 Rge8 28. Kf3 d5 29. exd5 Rc5 30. Rd3 Rd8 31. Nd2 Nxd2+ 32. Rxd2 Rcxd5 33. Rxd5 Rxd5 34. Ke3 Rc5 35. c3 Rc4 36. g3 Kf6 37. Kd3 Ra4 38. Rc2 Kf5 39. Rf2 h5 40. h3 Rc4 41. Rf1 Rc6 42. Re1 Rd6+ 43. Kc2 Rf6 44. Re5+ Kg6 45. Kb3 h4 46. f5+ Kg5 47. g4 Kf4 48. Re6 Rf8 1-0

[Event "Almaty zt 3.4"]
[Site "Almaty"]
[Date "2025.04.03"]
[Round "2"]
[White "Ansat, Aldiyar"]
[Black "Tillyaev, Ulugbek"]
[Result "1-0"]
[WhiteElo "2469"]
[BlackElo "2311"]
[PlyCount "157"]
[EventDate "2025.04.02"]
[EventType "swiss"]
[EventRounds "9"]
[EventCountry "KAZ"]
[SourceTitle "CB15_2025"]
[SourceDate "2025.04.09"]
[SourceVersion "1"]
[SourceVersionDate "2025.04.09"]
[SourceQuality "1"]

1. e4 c5 2. Nf3 Nc6 3. Nc3 d6 4. d4 cxd4 5. Nxd4 e5 6. Ndb5 a6 7. Na3 b5 8. Nd5 Nf6 9. Bg5 Be7 10. Bxf6 Bxf6 11. c3 Bg5 12. Nc2 Rb8 13. Be2 0-0 14. 0-0 Ne7 15. Ncb4 Bb7 16. Nxe7+ Bxe7 17. Nd5 Bc6 18. Qd3 a5 19. Rfd1 Bxd5 20. Qxd5 b4 21. cxb4 Rxb4 22. b3 Qa8 23. Qxa8 Rc8 24. Qb8 Rcxb8 25. Rac1 Ra8 26. Rc2 Rb7 27. Rc6 g6 28. Bc4 Raa7 29. Rc1 Bg5 30. Rc2 Rd7 31. g3 Kg7 32. Kg2 Rac7 33. Bd5 Bd8 34. a3 Rxc6 35. Rxc6 Rc7 36. Ra6 Rc2 37. Rxd6 Be7 38. Rd7 Kf8 39. Rb7 Rb2 40. Rb8+ Kg7 41. Rb5 Bxa3 42. Rb7 g5 43. Rxf7+ Kg6 44. Rc7 Bb4 45. Bg8 h6 46. Bf7+ Kf6 47. Bd5 Kg6 48. h4 gxh4 49. gxh4 Rd2 50. Bf7+ Kf6 51. Bc4 Rc2 52. Kg3 h5 53. Rf7+ Kg6 54. Rf5 Bc5 55. Bf7+ Kg7 56. Bxh5 Rc3+ 57. Kg2 Rxb3 58. Rxe5 Rc3 59. Be8 Rc2 60. Rf5 Rc4 61. Bb5 Rc2 62. h5 Bd4 63. Be8 Kh6 64. Kg3 Rc8 65. Bg6 a4 66. Ra5 Rc3+ 67. f3 a3 68. Kg4 Bc5 69. Bf7 Rc2 70. f4 Kg7 71. Bb3 Rc3 72. Bd5 Bd4 73. Ra6 Kh7 74. e5 Re3 75. Ba2 Bb2 76. Bb1+ Kg8 77. h6 Re1 78. h7+ Kg7 79. Ra7+ 1-0

[Event "Titled Tuesday intern op 01st Apr Early"]
[Site "Chess.com INT"]
[Date "2025.04.01"]
[Round "2"]
[White "Ansat, Aldiyar"]
[Black "Lagarde, Maxime"]
[Result "1-0"]
[WhiteElo "2474"]
[BlackElo "2615"]
[PlyCount "91"]
[EventDate "2025.04.01"]
[EventType "swiss (blitz)"]
[EventRounds "11"]
[EventCountry "USA"]
[SourceTitle "CB15_2025"]
[SourceDate "2025.04.09"]
[SourceVersion "1"]
[SourceVersionDate "2025.04.09"]
[SourceQuality "1"]

1. e4 e5 2. Nf3 Nc6 3. Bb5 a6 4. Ba4 d6 5. c4 Bg4 6. h3 Bxf3 7. Qxf3 Nf6 8. Nc3 Be7 9. Bxc6+ bxc6 10. 0-0 0-0 11. d3 Nd7 12. Be3 Nc5 13. Bxc5 dxc5 14. Rad1 Qd6 15. Ne2 Rad8 16. Qe3 g6 17. Kh1 Rd7 18. b3 Rfd8 19. Rd2 Bf6 20. Rfd1 Qe7 21. Qg3 Bh4 22. Qf3 Bg5 23. Rc2 h5 24. g3 Qe6 25. Kg2 Rd6 26. h4 Bh6 27. Nc3 Qd7 28. Na4 a5 29. Nxc5 Qc8 30. a3 Bf8 31. b4 axb4 32. axb4 Rd4 33. Nb3 R4d7 34. Na5 Qa6 35. Qf6 Rd6 36. Qxe5 Bg7 37. Qf4 c5 38. bxc5 Rxd3 39. Rxd3 Rxd3 40. Qxc7 Rd1 41. c6 Ra1 42. Qd8+ Kh7 43. c7 Qxa5 44. c8Q Qe1 45. Qg8+ Kh6 46. Qh8+ 1-0

[Event "Titled Tuesday intern op 01st Apr Early"]
[Site "Chess.com INT"]
[Date "2025.04.01"]
[Round "1"]
[White "Ansat, Aldiyar"]
[Black "Li, Xueyi"]
[Result "1-0"]
[WhiteElo "2474"]
[BlackElo "2236"]
[PlyCount "85"]
[EventDate "2025.04.01"]
[EventType "swiss (blitz)"]
[EventRounds "11"]
[EventCountry "USA"]
[SourceTitle "CB15_2025"]
[SourceDate "2025.04.09"]
[SourceVersion "1"]
[SourceVersionDate "2025.04.09"]
[SourceQuality "1"]

1. e4 c6 2. d4 d5 3. Nc3 dxe4 4. Nxe4 Nf6 5. Nxf6+ exf6 6. Nf3 Bd6 7. Bd3 0-0 8. 0-0 Bg4 9. h3 Bh5 10. Bf5 Na6 11. a3 Nc7 12. Qd3 Bg6 13. Nh4 c5 14. Be3 cxd4 15. Bxd4 Be5 16. Rad1 Qxd4 17. Qxd4 Bxd4 18. Rxd4 Ne6 19. Rd7 Nc5 20. Rc7 b6 21. Re1 Bxf5 22. Nxf5 Ne6 23. Rd7 g6 24. Nh6+ Kg7 25. Rxe6 Kxh6 26. Rxf6 Kg7 27. Rc6 Rac8 28. Rxc8 Rxc8 29. c3 a5 30. Kf1 Rb8 31. Ke2 b5 32. Kd3 Kf6 33. b3 b4 34. cxb4 axb4 35. a4 Rc8 36. Kd2 Rc3 37. Rd3 Rc8 38. Rd4 Rb8 39. f4 Ke6 40. Kd3 f6 41. Kc4 g5 42. fxg5 fxg5 43. Rd5 1-0

[Event "Titled Tuesday intern op 25th Mar Early"]
[Site "Chess.com INT"]
[Date "2025.03.25"]
[Round "3"]
[White "Ansat, Aldiyar"]
[Black "Hansen, Sune Berg"]
[Result "1-0"]
[WhiteElo "2474"]
[BlackElo "2505"]
[PlyCount "85"]
[EventDate "2025.03.25"]
[EventType "swiss (blitz)"]
[EventRounds "11"]
[EventCountry "USA"]
[SourceTitle "CB14_2025"]
[SourceDate "2024.11.01"]
[SourceVersion "1"]
[SourceVersionDate "2024.11.01"]
[SourceQuality "1"]

1. e4 c5 2. Nf3 Nc6 3. Nc3 e5 4. Bc4 d6 5. d3 Be7 6. h3 Nf6 7. Nh2 Be6 8. Ng4 Nd7 9. Nd5 Nb6 10. Nge3 Bg5 11. 0-0 0-0 12. Nxb6 axb6 13. Nd5 Bxc1 14. Rxc1 Na5 15. a3 Nxc4 16. dxc4 Ra4 17. Qd3 b5 18. cxb5 Rd4 19. Qe2 f5 20. f3 Bxd5 21. exd5 c4 22. Kh1 Qb6 23. a4 Qc5 24. Rcd1 Rxd5 25. Rxd5 Qxd5 26. Rd1 Qc5 27. Qd2 Rd8 28. Qg5 Qc8 29. a5 Qd7 30. a6 bxa6 31. bxa6 Ra8 32. Ra1 Ra7 33. b4 cxb3 34. cxb3 h6 35. Qg6 f4 36. b4 Qc6 37. Qd3 d5 38. b5 Qc5 39. Qb3 Kh7 40. b6 Rxa6 41. Qd3+ e4 42. Qxa6 exf3 43. Qd3+ 1-0